| 000 | 01059cab a2200325 4500 | ||
|---|---|---|---|
| 001 | ABS60128 | ||
| 008 | 090401t1999 xxu||||| |||| 00| 0 eng d | ||
| 035 | _a(Sirsi) u91679 | ||
| 041 | _aeng | ||
| 245 | _aRetail | ||
| 260 | _c1999 | ||
| 350 | _a0 | ||
| 490 |
_aProperty Week _vSupplement, February 1999, (42) LOAN |
||
| 520 | _aSupplement focussing on the retail market. Includes articles on retail developments in the pipeline, new technologies in retail, such as on-line shopping, the Rating Revaluation, and how factory outlets are helping the fashion retail trade. | ||
| 650 | _aCHRISTMAS | ||
| 650 | _aFACTORY OUTLETS | ||
| 650 | _aONLINE SHOPPING | ||
| 650 | _aPLANNING ISSUES | ||
| 650 | _aRATING REVALUATION | ||
| 650 | _aRETAIL DEVELOPMENT | ||
| 650 | _aRETAIL WAREHOUSING | ||
| 650 | _aRETAILING | ||
| 650 | _aRATING REVALUATION 2000 | ||
| 650 | _aSHOPPING MALLS | ||
| 650 | _aTOWN CENTRES | ||
| 650 | _aTRANSPORT POLICY | ||
| 690 | _aPROPERTY-COMMERCIAL PROPERTY-RETAIL PROPERTY | ||
| 942 | _n0 | ||
| 948 | _c02/03/1999 | ||
| 999 |
_c58200 _d58200 |
||